000 00578nam a22001937a 4500
005 20251108170501.0
008 250721s1987 xx 000 0 ara d
082 1 4 _a412/غال
100 1 _aغاليم، محمد
245 1 0 _aالتوليد الدلالي في البلاغة و المعجم /
264 1 _aالدار البيضاء :
_bدار توبقال،
_c1987.
300 _a196ص
650 1 7 _aعلم الدلالة
650 1 7 _aالبلاغة
650 1 7 _aعلم المعاجم
650 1 7 _aاللغة العربية
942 _2ddc
_cBK
999 _c41604
_d41604